1397 1170 1957 1173 1723 1896 1785 1650 1881 1740 1032 1421 1876 1730 1909 1830 1360 1504 1671 1900 1791 1960 1957 1571 1231 1842 1395 1948 1358 1475 1576 1571 1304 1254 1752 1369 1950 1118 1939 1743 1999 1434 1847 1666 1058 1470 1445 1571 1116 1725 1980 1411 1423 1835 1217 1531 1161 1611 1346 1212 1417 1039 1725 1611 1436 1709 1430 1344 1649 1215 1756 1082 1712 1926 1969 1462 1822 1247 1111 1387 1194 1963 1215 1477 1485 1730 1439 1159 1505 1207 1224 1860 1171 1591 1965 1831 1073 1783 1100 BCNSPRNW ULIB Ver.6.0+V

เปลี่ยนเป็นภาษาไทย

Change to English
 แสดงรายละเอียดบรรณานุกรม
  กลับหน้าหลัก

Brief Record : Get Marc (ISO 2709) : E-mail record : QR code < ปิดหน้าต่าง
LEADER : 00000nam 2200000uu 4500
001    13399121703
003     ULIB
008    121129s2550||||th 000 0 tha d
020    ^a9789741148776
060 04 ^aWS100^bป361ก
245 00 ^aกุมารเวชศาสตร์ทั่วไป /^cประยงค์ เวชวนิชสนอง, วนพร อนันตเสรี, บรรณาธิการ
260    ^aสงขลา :^bคณะแพทยศาสตร์ มหาวิทยาลัยสงขลานครินทร์,^c2550
300    ^a504 หน้า :^bภาพประกอบ ;^c26 ซม.
650  4 ^aกุมารเวชศาสตร์
700 0  ^aประยงค์ เวชวนิชสนอง,^eบรรณาธิการ
700 0  ^aวนพร อนันตเสรี,^eบรรณาธิการ
710 2  ^aมหาวิทยาลัยสงขลานครินทร์. ^bคณะแพทยศาสตร์
945    ^p580^l0^i15046
995    ^aวิภา
999 ^a ทศพร
รายการนี้ยังไม่มีแท็ก
คุณยังไม่ได้ล็อกอิน คุณสามารถมีกิจกรรมร่วมกับเว็บไซต์ได้ แต่ต้องล็อกอินก่อน ::
  ล็อกอิน

รายการสื่อสารสนเทศ

ลำดับที่ ประเภท เลขเรียก/บาร์โค้ด สถานที่ สถานะ
1. วิทยาศาสตร์การแพทย์ และสุขภาพ
วิทยาศาสตร์การแพทย์ และสุขภาพ
WS100 ป361ก  
  Barcode: 15046
ห้องสมุดวิทยาเขตสวรรค์ประชารักษ์
►ส่วนจัดเก็บหนังสือเก่า สปร
บนชั้น
  ขอยืม

รายการใกล้เคียง
    หัวเรื่อง [กุมารเวชศาสตร์]

BibComment


ยังไม่เคยถูกคอมเมนท์

คอมเมนท์ทรัพยากรรายการนี้
  คอมเมนท์: กุมารเวชศาสตร์ทั..


 Copyright 2026. Bcnsprnw @Library